| 000 | 00501nam a2200169Ia 4500 | ||
|---|---|---|---|
| 008 | 230718s9999 xx 000 0 und d | ||
| 020 | _a9780670090891 | ||
| 041 | _aeng | ||
| 082 |
_a330.54 _bKAP |
||
| 100 |
_aKapoor A. _9108932 |
||
| 245 |
_aThe Age Of Awakening _bThe Story Of The Indian Economy Since Independence |
||
| 260 |
_c2018 _bPenguin/ Portfolio |
||
| 300 | _a310 | ||
| 365 |
_cRs. _b599.00 |
||
| 700 |
_aKapoor A. _9108932 |
||
| 906 |
_dO:0640922-Feb-2019B:512605-Feb-2019 _cGENRL _b131.78 |
||
| 999 |
_c349678 _d349678 |
||